Global librarianship / (Record no. 6613)

000 -LEADER
fixed length control field 01810cam a2200397 a 4500
001 - CONTROL NUMBER
control field 13712170
005 - DATE AND TIME OF LATEST TRANSACTION
control field 20230721140906.0
008 - FIXED-LENGTH DATA ELEMENTS--GENERAL INFORMATION
fixed length control field 040907s2004 nyuab b 001 0 eng c
010 ## - LIBRARY OF CONGRESS CONTROL NUMBER
LC control number 2004302411
020 ## - INTERNATIONAL STANDARD BOOK NUMBER
International Standard Book Number 0824709780 (acidfree paper)
035 ## - SYSTEM CONTROL NUMBER
System control number (OCoLC)ocm56079061
040 ## - CATALOGING SOURCE
Original cataloging agency IUL
Transcribing agency IUL
Modifying agency DLC
042 ## - AUTHENTICATION CODE
Authentication code pcc
050 00 - LIBRARY OF CONGRESS CALL NUMBER
Classification number Z672
Item number .G56 2004
082 ## - DEWEY DECIMAL CLASSIFICATION NUMBER
Edition number 23
Classification number 020
245 00 - TITLE STATEMENT
Title Global librarianship /
Statement of responsibility, etc. edited by Martin Alan Kesselman, Irwin Weintraub.
260 ## - PUBLICATION, DISTRIBUTION, ETC.
Place of publication, distribution, etc. New York :
Name of publisher, distributor, etc. Marcel Dekker,
Date of publication, distribution, etc. c2004.
300 ## - PHYSICAL DESCRIPTION
Extent xvi, 320 p. :
Other physical details ill., 1 map ;
Dimensions 24 cm.
490 1# - SERIES STATEMENT
Series statement Books in library and information science ;
Volume/sequential designation 67
504 ## - BIBLIOGRAPHY, ETC. NOTE
Bibliography, etc. note Includes bibliographical references and indexes.
505 0# - FORMATTED CONTENTS NOTE
Formatted contents note Roots of global librarianship -- Libraries in a global perspective -- Libraries and education in the global community -- Global information flow and access -- Global digital libraries -- Selected bibliography of literature on global librarianship.
650 #0 - SUBJECT ADDED ENTRY--TOPICAL TERM
Topical term or geographic name entry element International librarianship.
9 (RLIN) 5358
Topical term or geographic name entry element Digital libraries.
9 (RLIN) 5359
Topical term or geographic name entry element Libraries
General subdivision International cooperation.
9 (RLIN) 5360
Topical term or geographic name entry element Information services
General subdivision International cooperation.
9 (RLIN) 5361
Topical term or geographic name entry element Libraries and community.
9 (RLIN) 5362
Topical term or geographic name entry element Libraries and education.
9 (RLIN) 5363
700 1# - ADDED ENTRY--PERSONAL NAME
Personal name Kesselman, Martin Alan.
9 (RLIN) 5364
Personal name Weintraub, Irwin.
9 (RLIN) 5365
830 #0 - SERIES ADDED ENTRY--UNIFORM TITLE
Uniform title Books in library and information science ;
Volume/sequential designation v. 67.
9 (RLIN) 5366
856 41 - ELECTRONIC LOCATION AND ACCESS
Materials specified Table of contents only
Uniform Resource Identifier <a href="http://www.loc.gov/catdir/toc/fy0604/2004302411.html">http://www.loc.gov/catdir/toc/fy0604/2004302411.html</a>
Materials specified Publisher description
Uniform Resource Identifier <a href="http://www.loc.gov/catdir/enhancements/fy0647/2004302411-d.html">http://www.loc.gov/catdir/enhancements/fy0647/2004302411-d.html</a>
906 ## - LOCAL DATA ELEMENT F, LDF (RLIN)
a 7
b cbc
c pccadap
d 2
e ncip
f 20
g y-gencatlg
942 ## - ADDED ENTRY ELEMENTS (KOHA)
Source of classification or shelving scheme
Koha item type Books (Long term)
Holdings
Withdrawn status Lost status Source of classification or shelving scheme Damaged status Not for loan Collection code Permanent Location Current Location Shelving location Date acquired Total Checkouts Full call number Barcode Date last seen Price effective from Koha item type Accession
          English Collection Shan State Buddhist University Library Shan State Buddhist University Library English Shelves 07/05/2022   020 Gl 17876 EB00017876 07/05/2022 07/05/2022 Books (Long term) 17876
          English Collection Shan State Buddhist University Library Shan State Buddhist University Library English Shelves 07/05/2022   020 Gl 17877 EB00017877 07/05/2022 07/05/2022 Books (Long term) 17877

Library - 09407999929
Admin Office - 09407999979
Dean Office - 09250910768
Registrar Office - 09892297154
Email - [email protected]
Shan State Buddhist University, Phaya Phyu Taunggyi, Shan State, Myanmar.